| 000 | 00371nam a22001577a 4500 | ||
|---|---|---|---|
| 005 | 20180412160655.0 | ||
| 008 | 160624b xxu||||| |||| 00| 0 eng d | ||
| 041 | _aeng | ||
| 082 |
_b9787 _a348 |
||
| 100 |
_aShukla, T.N. _9480 |
||
| 245 | _aNegotiable Instruments Act-1881 | ||
| 260 |
_bKamal Law House _c2009 |
||
| 300 | _a80 | ||
| 650 |
_aManagement _9241 |
||
| 942 | _cBK | ||
| 999 |
_c3813 _d3812 |
||